000 00413nam a2200157Ia 4500
008 121003t2010 xxu||||| |||| 00| 0 sin d
041 _asin
080 _a8 - 3 (Youth)
_bBAN
245 _aදේදුනු තොටිල්ල
246 _aVishmaya Janaka Charikawa
260 _aAuthor
_aGampola
_c2010
300 _b108p, 21 cm
942 _cBK
999 _c42080
_d42080
003 LK-CoDNM
040 _aLK-CoDNM
_dLK-CoDNM
_eLK-CoDNM